000 00823cab a2200241 4500
001 E2721
008 090401t1995 xxu||||| |||| 00| 0 eng d
035 _a(Sirsi) u40624
041 _aeng
245 _aCorbett v Assynt Estates
260 _c1995
350 _a0
490 _aSLC
_v1996 R 122-132(11)
520 _aDivisional Court. D M Macdonald. Application Sutherland RN 668 - order of 28 June 1995. Cottar - status - acquisition of subjects by cottar - determination of considerations payable for site and dwellinghouse thereon
650 _aCOTTAR
650 _aCROFTERS (SCOTLAND) ACT 1993 SECTION 12
650 _aCROFTERS (SCOTLAND) ACT 1993
650 _aSCOTTISH LAND COURT
650 _aSLC
690 _aLANDLORD AND TENANT-CASE LAW-AGRICULTURAL TENANCIES
942 _n0
948 _c04/03/1997
999 _c26032
_d26032